000 00354nam a2200157Ia 4500
008 191201s2008 xx 000 0 und d
020 _a9788120310124
082 _a004
_bKAM
100 _aKANTER, Jerome
245 0 _aManaging with Information
250 _aRep.
260 _aN.Delhi
_bPHI
_c2008
300 _a444
650 _aMCA
942 _2ddc
_cBK
999 _c3759
_d3759